000 00436nam a2200181Ia 4500
001 8256
005 20260306160555.0
008 260306t1967||||xx |||||||||||||| ||spa||
041 _aESP
082 _a370.152
_bH54
100 _aHillebrand, M.J.
_eAUT
245 0 _aPsicología del aprendizaje y de la enseñanza
260 _c1967
300 _a199 páginas :
_ccm.
650 _aGEN
654 _aCED
942 _cLIB
_dJUS
_fJUS
_2ddc
_n
999 _c8256
_d8256